[Event "2nd Open"]
[Site "Urumia IRI"]
[Date "2008.08.29"]
[Round "7"]
[White "Babujian,L"]
[Black "Gagunashvili,M"]
[Result "0-1"]
[WhiteElo "2415"]
[BlackElo "2566"]

1.d4 d5 2.c4 c6 3.Nc3 Nf6 4.Nf3 dxc4 5.a4 Bf5 6.e3 e6 7.Bxc4 Bb4 8.O-O O-O
9.Nh4 Bg4 10.f3 Bh5 11.g4 Bg6 12.Nxg6 hxg6 13.e4 Nbd7 14.Qb3 Qb6 15.Rd1 e5
16.Be3 exd4 17.Bxd4 Bc5 18.Qxb6 Bxb6 19.a5 Bxd4+ 20.Rxd4 g5 21.Kf2 Ne5 22.Ba2 Rfd8
23.Rad1 Rxd4 24.Rxd4 Kf8 25.Ke3 Ke7 26.Rb4 Rb8 27.Ne2 Nfd7 28.h3 b5 29.axb6 axb6
30.Ra4 Rh8 31.Ng1 b5 32.Ra7 Kf6 33.b4 Nb6 34.Rb7 Na4 35.Bb3 Nb2 36.Bc2 Rd8
37.Ke2 Nbc4 38.Bb3 Rd2+ 39.Kf1 Ne3+ 40.Ke1 Rb2  0-1

[Event "Open A"]
[Site "Graz SUI"]
[Date "2008.08.30"]
[Round "1"]
[White "Krumpacnik,D"]
[Black "Wallner,D"]
[Result "1-0"]
[WhiteElo "2376"]
[BlackElo "2128"]

1.d4 d5 2.c4 c6 3.Nf3 Nf6 4.Nc3 dxc4 5.a4 Bf5 6.e3 e6 7.Bxc4 Bb4 8.O-O O-O
9.Qe2 Bg6 10.Rd1 Nbd7 11.Bd3 Qa5 12.e4 e5 13.dxe5 Nxe5 14.Nxe5 Qxe5 15.Re1 Rad8
16.Bc2 Rfe8 17.f3 Nd5 18.Qc4 a5 19.Bd2 Nf4 20.Be3 Ne6 21.Rad1 Bh5 22.Bf2 Bc5
23.Bxc5 Qxc5+ 24.Qxc5 Nxc5 25.Rxd8 Rxd8 26.Rd1 Rxd1+ 27.Nxd1 f6 28.Kf2 h6
29.Ke3 Kf8 30.Kd4 b6 31.Ne3 Bf7 32.Nf5 Nd7 33.Kc3 h5 34.Nd4 c5 35.Nf5 Be6
36.Ne3 Ne5 37.Bb3 Bd7 38.Bd1 h4 39.Nd5 b5 40.axb5 Bxb5 41.f4 Nc6 42.Bb3 Bf1
43.Ne3 h3 44.gxh3 Bxh3 45.Kc4 Nd4 46.Bd1 Ne6 47.f5 Ng5 48.Bc2 Nf3 49.Kxc5 Nxh2
50.Kb5 g5 51.fxg6 Kg7 52.Kxa5 Kxg6 53.b4 Bc8 54.Kb6 Nf3 55.Kc7 Ba6 56.Nf5 Kg5
57.Nd6 Nd4 58.Bb1 Kf4 59.Kb6 Bf1 60.Kc5 Nb3+ 61.Kd5 Bg2 62.b5 Nd2 63.b6 Nxb1
64.b7 Nc3+ 65.Kc4 Nxe4 66.b8=Q  1-0

[Event "Okie Masters"]
[Site "Tulsa USA"]
[Date "2008.08.31"]
[Round "4"]
[White "Vaidya,C"]
[Black "Holt,C"]
[Result "1-0"]
[WhiteElo "2145"]
[BlackElo "2219"]

1.d4 d5 2.c4 c6 3.Nf3 Nf6 4.Nc3 dxc4 5.a4 Bf5 6.e3 e6 7.Bxc4 Bb4 8.O-O O-O
9.Qe2 Nbd7 10.e4 Bg6 11.Bd3 Bh5 12.e5 Nd5 13.Bd2 Be7 14.a5 Nb4 15.Be4 b6
16.axb6 Nxb6 17.Be3 N6d5 18.Qc4 Qb6 19.Rfc1 Rfb8 20.Nd2 Bg6 21.Bxg6 hxg6
22.Qe2 a5 23.Nc4 Qd8 24.Ra4 Ra7 25.Rca1 Rba8 26.Ne4 Qc7 27.Bg5 Bxg5 28.Nxg5 Nb6
29.Nxb6 Qxb6 30.Qe4 Rd8 31.Rd1 Rad7 32.Nf3 Qb5 33.Rda1 Rd5 34.Rxa5 Qxa5 35.Rxa5 Rxa5
36.h3 Rad5 37.Kh2 c5 38.dxc5 Nc6 39.Qc4 Rb8 40.b3 Na5 41.Qa6 Nxb3 42.c6 Nc5
43.Qa7 Rf8 44.Qe7 Nb3 45.c7 Rc5 46.Ng5 Rc6 47.Qb4 Nc5 48.Qh4 Re8 49.Qh7+ Kf8
50.Qh8+ Ke7 51.Qxg7 Rf8 52.Nh7 Rc8 53.Ng5 Rf8 54.Qf6+ Kd7 55.Nh7 Ra8 56.Qxf7+ Kc8
57.Nf6 Rxc7 58.Qxg6 Ra2 59.Qe8+ Kb7 60.Qb5+ Ka7 61.Ne8 Rc8 62.Nd6 Rc7 63.f4 Ka8
64.Qb6 Na6 65.Nb5 Rg7 66.Qc6+ Kb8 67.h4 Rg8 68.Qb6+ Kc8 69.Qxe6+  1-0

[Event "7th Open"]
[Site "Izmir TUR"]
[Date "2008.09.01"]
[Round "4"]
[White "Esen,B"]
[Black "Keler,F"]
[Result "1-0"]
[WhiteElo "2448"]
[BlackElo "2256"]

1.d4 d5 2.c4 c6 3.Nf3 Nf6 4.Nc3 dxc4 5.a4 Bf5 6.Ne5 Nbd7 7.Nxc4 Nb6 8.Nxb6 axb6
9.f3 e6 10.e4 Bg6 11.Be3 Nd7 12.Bc4 e5 13.O-O Bd6 14.dxe5 Nxe5 15.Be2 f5
16.f4 Nf7 17.Qb3 Qe7 18.Kh1 Bc5 19.Bxc5 bxc5 20.exf5 Bxf5 21.Bg4 c4 22.Qxc4 Nd6
23.Qb3 O-O-O 24.Bf3 Be6 25.Qb4 Bc4 26.Rfd1 Ba6 27.Nb5 Nf5 28.Na7+  1-0

[Event "ch-ISL"]
[Site "Reykjavik ISL"]
[Date "2008.09.01"]
[Round "6"]
[White "Thorfinnsson,Bj"]
[Black "Halldorsson,J"]
[Result "1-0"]
[WhiteElo "2422"]
[BlackElo "2165"]

1.d4 d5 2.c4 c6 3.Nf3 Nf6 4.Nc3 dxc4 5.a4 Bf5 6.Ne5 Nbd7 7.Nxc4 Nb6 8.Ne5 a5
9.g3 e6 10.Bg2 Bb4 11.O-O O-O 12.e3 h6 13.Qe2 Bh7 14.Rd1 Nfd7 15.Nd3 Bxd3
16.Rxd3 Qe7 17.e4 e5 18.Be3 Nc4 19.Nd1 exd4 20.Rxd4 Nxe3 21.Nxe3 Rfd8 22.Rad1 Ne5
23.Nf5 Qf6 24.Kh1 Rxd4 25.Rxd4 Rd8 26.f4 Rxd4 27.Nxd4 Qd8 28.Nc2 Qd3 29.Bf1 Qxe2
30.Bxe2 Nd7 31.Nxb4 axb4 32.a5 Nc5 33.e5 Nb3 34.a6 bxa6 35.Bxa6 Nc5 36.Bc4 Na4
37.b3 Nb6 38.Bd3 Kf8 39.Kg2 Ke7 40.Kf3 f6 41.Ke4 Nd7 42.Bc4 g5 43.Kd4 gxf4
44.gxf4 fxe5+ 45.fxe5 Nb6 46.Kc5 Nd7+ 47.Kd4 Nb6 48.Be2 Nd7 49.Bg4 c5+ 50.Kd5 c4
51.Bxd7  1-0

[Event "Open"]
[Site "Herzliya ISR"]
[Date "2008.09.02"]
[Round "1"]
[White "Porat,I"]
[Black "Gunsherovich,I"]
[Result "1-0"]
[WhiteElo "2379"]
[BlackElo "2095"]

1.d4 d5 2.c4 c6 3.Nf3 Nf6 4.Nc3 dxc4 5.a4 Bf5 6.e3 e6 7.Bxc4 Bb4 8.O-O Nbd7
9.Qe2 O-O 10.e4 Bg4 11.Rd1 Qc7 12.e5 Nd5 13.Bd2 Nxc3 14.bxc3 Be7 15.a5 Rfd8
16.Bd3 Nf8 17.Be4 Rd7 18.Qc4 Rc8 19.Be3 Qd8 20.Qb3 Bxf3 21.Bxf3 Bg5 22.c4 Ng6
23.g3 Qe7 24.Bxg5 Qxg5 25.Qe3 h6 26.Be4 Qxe3 27.fxe3 Ne7 28.Rab1 Rcd8 29.Kf2 f6
30.exf6 gxf6 31.Bf3 Kf7 32.Bh5+ Kg7 33.Bg4 f5 34.Bf3 Kf6 35.Rb2 e5 36.dxe5+ Kxe5
37.Rxb7 Rxb7 38.Rxd8 Rb2+ 39.Kg1 Rc2 40.Rd7 Ke6 41.Rxa7 Rxc4 42.Ra8 Ra4 43.a6 Nd5
44.a7 Nc7 45.Rh8 Rxa7 46.Rxh6+ Ke5 47.Rxc6 Ne6 48.Rc2 Ng5 49.Kf2 Ra3 50.h4 Ne6
51.Rd2 Kf6 52.e4 f4 53.g4 Ke5 54.Rd5+ Kf6 55.g5+ Kg7 56.h5 Ra2+ 57.Kg1 Ra3
58.Kg2 Nf8 59.Rf5 Ne6 60.h6+ Kh7 61.Rf7+ Kg8 62.g6 Ra2+ 63.Kf1 Ra1+ 64.Ke2 Ra2+
65.Ke1 Ra1+ 66.Kd2 Ra2+ 67.Kc1 Rf2 68.Bg4 Rf1+ 69.Kd2 Nc5 70.h7+  1-0

[Event "ch-POR"]
[Site "Almada POR"]
[Date "2008.09.03"]
[Round "8"]
[White "Fernandes,Ant"]
[Black "Pereira,Rub"]
[Result "1-0"]
[WhiteElo "2408"]
[BlackElo "2418"]

1.d4 Nf6 2.c4 c6 3.Nf3 d5 4.Nc3 dxc4 5.a4 Bf5 6.Ne5 Nbd7 7.Nxc4 Nb6 8.Ne5 a5
9.f3 Nfd7 10.Nxd7 Nxd7 11.e4 Bg6 12.Be3 e6 13.Bc4 Bd6 14.O-O O-O 15.Rf2 Qe7
16.Rd2 Bb4 17.Qb3 Nb6 18.Bd3 f5 19.Re2 fxe4 20.Nxe4 Qd7 21.Nc5 Bxc5 22.Bxg6 Bxd4
23.Bxh7+ Kxh7 24.Qd3+ Kg8 25.Qxd4 Nd5 26.Bg5 Qf7 27.Rae1 Rfe8 28.Qg4 Ra6
29.Rxe6 Rxe6 30.Rxe6 Ra8 31.Qe4 Qd7 32.h4 Rf8 33.h5 Nc7 34.Re7 Qd1+ 35.Kf2 Qd6
36.h6 gxh6 37.Qh7+  1-0

[Event "Open A"]
[Site "Graz SUI"]
[Date "2008.09.03"]
[Round "5"]
[White "Schriebl,A"]
[Black "Buzeti,J"]
[Result "1/2-1/2"]
[WhiteElo "2088"]
[BlackElo "2175"]

1.d4 d5 2.Nf3 Nf6 3.c4 c6 4.Nc3 dxc4 5.a4 Bf5 6.Ne5 e6 7.e3 Nbd7 8.Nxc4 Bb4
9.Bd3 Bg6 10.O-O a5 11.f3 c5 12.Nd6+ Kf8 13.Ncb5 cxd4 14.exd4 Bxd6 15.Nxd6 Qb6
16.Nb5 Ne5 17.Bxg6 hxg6 18.Bf4 Ned7 19.Bd6+ Kg8 20.Rc1 Nd5 21.Re1 N7f6 22.Qd2 Rd8
23.Be5 Ne8 24.Bg3 Nef6 25.Rc4 Qa6 26.Rec1 Nb6 27.Rc5 Nxa4 28.Nc7 Qb6 29.Qxa5 Rxd4
30.Qxb6 Nxb6 31.Rb5 Nbd7 32.Rxb7 Kh7 33.Bf2 Rd6 34.b4 Rc8 35.Bc5 Rc6 36.Be3 Rxc1+
37.Bxc1 Nd5  1/2-1/2

[Event "17th CRO-chT 1a"]
[Site "Sibenik CRO"]
[Date "2008.09.04"]
[Round "8"]
[White "Cebalo,M"]
[Black "Jovanic,O"]
[Result "1/2-1/2"]
[WhiteElo "2523"]
[BlackElo "2493"]

1.d4 d5 2.c4 c6 3.Nf3 Nf6 4.Nc3 dxc4 5.a4 Bf5 6.Ne5 Nbd7 7.Nxc4 Nb6 8.Ne5 a5
9.Bg5 g6 10.e3 Bg7 11.Bd3 Be6 12.O-O Nfd5 13.Nf3 Nb4 14.Be2 O-O 15.Ne4 Bd5
16.Nc5 Nd7 17.Nd3 Nxd3 18.Bxd3 f5 19.h3 h6 20.Bf4 Kh7 21.Rc1 Bxf3 22.Qxf3 e5
23.dxe5 Nxe5 24.Bxe5 Bxe5 25.Rfd1 Qe7 26.b3 Rad8 27.Bc4 h5 28.g3 Qb4 29.Kg2 Qe7
30.h4 Bg7 31.Rxd8 Rxd8 32.Rd1 Rxd1 33.Qxd1 Be5 34.f4 Bd6 35.Qd3 Bc5 36.Kf3 Qd6
37.Qxd6 Bxd6 38.e4 fxe4+ 39.Kxe4 Kg7 40.Be6 Bb4 41.Bc8 Be1 42.Kf3 b5 43.Bd7 bxa4
44.bxa4 c5  1/2-1/2

[Event "Open A"]
[Site "Graz SUI"]
[Date "2008.09.05"]
[Round "7"]
[White "Schnider,G"]
[Black "Pilaj,H"]
[Result "1/2-1/2"]
[WhiteElo "2286"]
[BlackElo "2389"]

1.d4 d5 2.c4 c6 3.Nf3 Nf6 4.Nc3 dxc4 5.a4 Bf5 6.e3 e6 7.Bxc4 Bb4 8.O-O Nbd7
9.Qe2 Bg6 10.e4 O-O 11.e5 Nd5 12.Nxd5 cxd5 13.Bd3 Rc8 14.Ng5 Be7 15.h4 Qb6
16.Bb5 Nb8 17.Be3 Bxg5 18.a5 Qc7 19.Bxg5 Qc2  1/2-1/2

[Event "17th CRO-chT 1b"]
[Site "Sibenik CRO"]
[Date "2008.09.05"]
[Round "9"]
[White "Bilobrk,F"]
[Black "Loncar,R"]
[Result "1-0"]
[WhiteElo "2372"]
[BlackElo "2446"]

1.d4 d5 2.c4 c6 3.Nf3 Nf6 4.Nc3 dxc4 5.a4 Bf5 6.e3 e6 7.Bxc4 Nbd7 8.O-O Bb4
9.Qb3 a5 10.Rd1 O-O 11.Bd2 Qe7 12.Na2 Bd6 13.Bd3 Bxd3 14.Qxd3 e5 15.dxe5 Nxe5
16.Qf5 Nxf3+ 17.gxf3 Nd5 18.Nc3 Qh4 19.f4 Nf6 20.Qg5 Qh3 21.Qg2 Qe6 22.Ne2 Bb4
23.Nd4 Qd5 24.Bxb4 axb4 25.Qxd5 Nxd5 26.a5 Rfe8 27.Nb3 Kf8 28.Kg2 Ke7 29.Kf3 f5
30.Rac1 g6 31.Rc4  1-0

[Event "3rd XtraCon EMT"]
[Site "Borup DEN"]
[Date "2008.09.06"]
[Round "3"]
[White "Tikkanen,H"]
[Black "Kulaots,K"]
[Result "0-1"]
[WhiteElo "2417"]
[BlackElo "2531"]

1.d4 d5 2.c4 c6 3.Nf3 Nf6 4.Nc3 dxc4 5.a4 Bf5 6.e3 e6 7.a5 Nbd7 8.Bxc4 b5
9.axb6 axb6 10.Rxa8 Qxa8 11.Nh4 Bg6 12.Nxg6 hxg6 13.Qe2 b5 14.Bd3 c5 15.d5 c4
16.dxe6 Ne5 17.exf7+ Kxf7 18.Bxg6+ Kxg6 19.O-O b4 20.Nb1 Bc5 21.Nd2 Rxh2
22.Kxh2 Qh8+ 23.Kg1 Nfg4 24.Nf3 Nxf3+ 25.Qxf3 Qh2+  0-1

[Event "DMP Ekstraliga"]
[Site "Karpacz POL"]
[Date "2008.09.06"]
[Round "1"]
[White "Bartel,Mat"]
[Black "Hnydiuk,A"]
[Result "1/2-1/2"]
[WhiteElo "2579"]
[BlackElo "2387"]

1.d4 d5 2.c4 c6 3.Nf3 Nf6 4.Nc3 dxc4 5.a4 Bf5 6.e3 e6 7.Bxc4 Bb4 8.O-O Nbd7
9.h3 Bg6 10.Ne2 O-O 11.Nf4 Be4 12.Nd3 Bd6 13.Qe2 c5 14.Rd1 cxd4 15.exd4 Rc8
16.b3 Qa5 17.Ng5 Bd5 18.Bd2 Qb6 19.Ne5 Qxd4 20.Nxd7 Nxd7 21.Bb4 Qf4 22.Bxd6 Qxd6
23.Bxd5 exd5 24.Qb5 Nf6 25.Qxb7 Rc7 26.Qb5 Rfc8 27.Nf3 Qf4 28.Qd3 h6 29.Qd4 Qe4
30.Re1 Qxd4 31.Nxd4 Rb7 32.Rad1 Kf8 33.Kf1 Rb4 34.Re3 a6 35.f3 Nd7 36.Nf5 Nf6
37.Ne7 Re8 38.Nxd5 Rxe3 39.Nxe3 Rxb3 40.Nf5 Rb8 41.Rd6 Ra8 42.a5 Ne8 43.Rc6 h5
44.Ne3 Ke7 45.Nc4 Ra7 46.Nb6 Nd6 47.h4 Rb7 48.Kf2 Nf5 49.g3 Rb8 50.Rc7+ Ke6
51.Rc6+ Ke7 52.Rc7+ Ke6 53.Ra7 Rd8 54.Nc4 Rc8 55.Rxa6+ Ke7 56.Ra7+ Ke6 57.Na3 Rc3
58.Nb5 Rc2+ 59.Ke1 Ra2 60.a6 Nxg3 61.Ra8 Kd7 62.a7 Kc6 63.Rb8 Nf5 64.Kd1 Kc5
65.a8=Q Rxa8 66.Rxa8 Kxb5 67.Rh8 g6 68.Rf8 Nxh4 69.Rxf7 Kc5 70.Ke2 Kd6 71.Ke3 Ke6
72.Rf8 Ke7 73.Rh8 Kf6 74.Ke4 Kg7 75.Ra8 Kf6 76.f4 Kg7 77.Ra7+ Kf6 78.Ra3 Ke6
79.Ra6+ Kf7 80.Ke5 Nf3+ 81.Kd5 Nh4 82.Re6 Nf3 83.Re3 Nh4 84.Ke5 Kg7 85.Ra3 Nf5
86.Ra7+ Kh6 87.Kf6 Ne3 88.Kf7 Ng2 89.Ra4 h4 90.Kf6 Kh5 91.Ra5+  1/2-1/2

[Event "5th LGA Premium Cup"]
[Site "Nuernberg GER"]
[Date "2008.09.06"]
[Round "5"]
[White "Wells,P"]
[Black "Haba,P"]
[Result "1/2-1/2"]
[WhiteElo "2526"]
[BlackElo "2570"]

1.d4 d5 2.c4 c6 3.Nf3 Nf6 4.Nc3 dxc4 5.a4 Bf5 6.Ne5 e6 7.f3 c5 8.e4 Bg6 9.Be3 cxd4
10.Qxd4 Qxd4 11.Bxd4 Nfd7 12.Nxd7 Nxd7 13.Bxc4 a6 14.Ke2 Rc8 15.Ba2 Rg8 16.Rac1 Bc5
17.Bxc5 Rxc5 18.Nb1 Ke7 19.Rxc5 Nxc5 20.Rc1 Nxa4 21.Rc7+ Kd6 22.Rxb7 Nc5
23.Rb4 Kc6 24.Rc4 a5 25.Nd2 Kb5 26.Rd4 Rb8 27.Nc4 a4 28.Ne5 Ka6 29.Bc4+ Kb7
30.Kd2  1/2-1/2

[Event "3rd PGMA Cup"]
[Site "Manila PHI"]
[Date "2008.09.07"]
[Round "1"]
[White "Sadorra,J"]
[Black "Simanjuntak,S"]
[Result "1-0"]
[WhiteElo "2470"]
[BlackElo "2256"]

1.Nf3 d5 2.d4 Nf6 3.c4 c6 4.Nc3 dxc4 5.a4 Bf5 6.e3 e6 7.a5 Nbd7 8.Bxc4 Be7
9.O-O O-O 10.Re1 Bb4 11.a6 b5 12.Bd3 Bg4 13.Qb3 Bxc3 14.Qxc3 Bxf3 15.gxf3 Rc8
16.Kh1 Nd5 17.Qd2 e5 18.Bf5 g6 19.Rg1 Kh8 20.Bxd7 Qxd7 21.e4 Nf4 22.dxe5 Qxd2
23.Bxd2 Nd3 24.b4 Rfe8 25.Kg2 Nxe5 26.Bc3 Kg8 27.Rgd1 Rc7 28.Rd4 Nd7 29.Rad1 Nb8
30.Rd8 Rc8 31.R8d6 Rc7 32.h4 h5 33.f4 c5 34.Rd8 Kf8 35.Bg7+ Kxg7 36.Rxe8 Nxa6
37.e5 Nxb4 38.Rdd8 f5 39.Rg8+ Kf7 40.Rdf8+ Ke6 41.Rxg6+ Kd5 42.e6 Nd3 43.Kf3 c4
44.Rf7 Rc8 45.e7 Re8 46.Ke3 Kc5 47.Rxf5+ Kb4 48.Re6 Nc5 49.Rf8 Rxe7 50.Rxe7  1-0

[Event "5th LGA Premium Cup"]
[Site "Nuernberg GER"]
[Date "2008.09.07"]
[Round "6"]
[White "Siebrecht,S"]
[Black "Hector,J"]
[Result "1/2-1/2"]
[WhiteElo "2453"]
[BlackElo "2537"]

1.d4 d5 2.Nf3 Nf6 3.c4 c6 4.Nc3 dxc4 5.a4 Bf5 6.e3 e6 7.Bxc4 Bb4 8.O-O Nbd7
9.Qe2 Bg4 10.h3 Bxf3 11.Qxf3 O-O 12.Rd1 Rc8 13.e4 e5 14.Bg5 Qe7 15.d5 h6
16.Be3 a5 17.Rac1 Rfd8 18.dxc6 bxc6 19.Ne2 Kh7 20.Ng3 g6 21.h4 Kg7 22.h5 Nf8
23.Rxd8 Rxd8 24.Bxf7 Qxf7 25.hxg6 Qxg6 26.Rxc6 N8h7 27.Bxh6+ Kh8 28.Nf5 Bf8
29.Bxf8 Rxf8 30.Qc3 Nxe4 31.Qxe5+ Nef6 32.Ne7 Qg7 33.Rc7 Re8 34.f4 Rd8 35.Nd5 Nd7
36.Qxg7+ Kxg7 37.Ra7 Nf8 38.Nb6 Kf6 39.Nxd7+ Rxd7 40.Rxa5 Ne6 41.g4 Rd4 42.Rf5+ Kg6
43.a5 Nxf4 44.a6 Ra4 45.b4 Ra1+ 46.Kh2 Ra2+ 47.Kh1 Ne6 48.Ra5 Rxa5 49.bxa5 Kg5  1/2-1/2

[Event "5th LGA Premium Cup"]
[Site "Nuernberg GER"]
[Date "2008.09.07"]
[Round "7"]
[White "Bromberger,S"]
[Black "Haba,P"]
[Result "1/2-1/2"]
[WhiteElo "2490"]
[BlackElo "2570"]

1.d4 d5 2.c4 c6 3.Nc3 Nf6 4.Nf3 dxc4 5.a4 Bf5 6.Ne5 e6 7.f3 c5 8.e4 Bg6 9.Be3 cxd4
10.Qxd4 Qxd4 11.Bxd4 Nfd7 12.Nxd7 Nxd7 13.Bxc4 Rc8 14.Ba2 a5 15.Ke2 Rg8 16.Rhc1 Bc5
17.Bxc5 Rxc5 18.Rab1 Ke7 19.b4 axb4 20.Rxb4 b6 21.Kd2 Rd8 22.Rd4 Rdc8 23.Ne2 Ne5
24.Rc3 f6 25.Rb4 Rxc3  1/2-1/2

[Event "DMP Ekstraliga"]
[Site "Karpacz POL"]
[Date "2008.09.08"]
[Round "3"]
[White "Gajewski,G"]
[Black "Hnydiuk,A"]
[Result "1-0"]
[WhiteElo "2575"]
[BlackElo "2387"]

1.d4 d5 2.c4 c6 3.Nf3 Nf6 4.Nc3 dxc4 5.a4 Bf5 6.e3 e6 7.Bxc4 Bb4 8.O-O Nbd7
9.Qe2 Bg4 10.h3 Bxf3 11.Qxf3 O-O 12.Rd1 e5 13.d5 Bxc3 14.dxc6 e4 15.Qe2 Be5
16.cxd7 Qe7 17.Bd2 Rfd8 18.Ba5 Rxd7 19.Rxd7 Qxd7 20.Qc2 b6 21.Rd1 Qc7 22.Bb4 g6
23.g4 g5 24.b3 Kg7 25.Qd2 h5 26.gxh5 Rh8 27.Be2 Nxh5 28.Rc1 Qb8 29.Bxh5 Rxh5
30.Qd7 Rh8 31.Qf5 Bf6 32.Rc6  1-0

[Event "3rd PGMA Cup"]
[Site "Manila PHI"]
[Date "2008.09.09"]
[Round "4"]
[White "Paragua,M"]
[Black "Causo,D"]
[Result "1-0"]
[WhiteElo "2523"]
[BlackElo "2410"]

1.d4 d5 2.c4 c6 3.Nc3 Nf6 4.Nf3 dxc4 5.a4 Bf5 6.Ne5 e6 7.f3 Bb4 8.e4 Bxe4
9.fxe4 Nxe4 10.Bd2 Qxd4 11.Nxe4 Qxe4+ 12.Qe2 Bxd2+ 13.Kxd2 Qd5+ 14.Kc2 Na6
15.Rd1 Qa5 16.Nxc4 Qxa4+ 17.b3 Qa2+ 18.Kc3 Qxe2 19.Nd6+ Ke7 20.Bxe2 b5 21.Bf3 Rad8
22.Nb7 Rc8 23.Ra1 Nb8 24.Rxa7 Rc7 25.Rha1 Rhc8 26.Nc5 Nd7 27.Nxd7 Kxd7 28.Kb4 c5+
29.Kxb5 Rb8+ 30.Kc4 Rb4+ 31.Kc3 Rf4 32.Rd1+  1-0

[Event "7th Georgiev - Kesarovski Mem"]
[Site "Sunny Beach BUL"]
[Date "2008.09.10"]
[Round "3"]
[White "Stamenkov,V"]
[Black "Kukov,A"]
[Result "1-0"]
[WhiteElo "2340"]
[BlackElo "2042"]

1.Nf3 d5 2.d4 Nf6 3.c4 c6 4.Nc3 dxc4 5.a4 Bf5 6.e3 e6 7.Bxc4 Be7 8.O-O O-O
9.Qe2 Ne4 10.Rd1 Nd7 11.a5 a6 12.Bd3 Nxc3 13.bxc3 Bxd3 14.Rxd3 Qc7 15.c4 e5
16.Rb3 exd4 17.exd4 Bf6 18.Rab1 Qxa5 19.Rxb7 Rad8 20.Bd2 Qf5 21.c5 Qd5 22.Be3 Ra8
23.Qc2 Rfd8 24.Qa4 Nf8 25.R7b6 Rac8 26.Rxa6 Ne6 27.h3 Nc7 28.Rab6 Nb5 29.Qb3 Qf5
30.Rd1 Rd5 31.Ne5 Bxe5 32.dxe5 Rxd1+ 33.Qxd1 Qxe5 34.Rxc6 Ra8 35.Ra6 Re8
36.c6 Nc3 37.Qd3 h6 38.Ra7 Ne4 39.c7 Nd6 40.Ra6 Nc8 41.Qd7 Qe4 42.Ra4 Qe7
43.Qc6 Qe6 44.Qxe6 fxe6 45.Rd4 Kf7 46.Rd8  1-0

[Event "4th ch-EU"]
[Site "Liverpool ENG"]
[Date "2008.09.12"]
[Round "4"]
[White "Tasker,M"]
[Black "Redmond,J"]
[Result "0-1"]
[WhiteElo "2062"]
[BlackElo "2188"]

1.Nf3 d5 2.d4 Nf6 3.c4 c6 4.Nc3 dxc4 5.a4 Bf5 6.Ne5 Nbd7 7.Nxc4 Nb6 8.Ne5 a5
9.f3 Nfd7 10.Nxd7 Nxd7 11.e4 Bg6 12.Be3 Qb6 13.Qd2 e5 14.Rd1 O-O-O 15.Be2 exd4
16.Bxd4 Bc5 17.O-O Ne5 18.Nb5 cxb5 19.Qc2 Rxd4 20.Rxd4 Nc6 21.axb5 Nxd4  0-1

[Event "3rd XtraCon EMT"]
[Site "Borup DEN"]
[Date "2008.09.13"]
[Round "7"]
[White "Tikkanen,H"]
[Black "Pitl,G"]
[Result "1/2-1/2"]
[WhiteElo "2417"]
[BlackElo "2410"]

1.d4 d5 2.c4 c6 3.Nf3 Nf6 4.Nc3 dxc4 5.a4 Bf5 6.a5 e6 7.e3 Nbd7 8.Bxc4 b5
9.axb6 axb6 10.Rxa8 Qxa8 11.Nh4 Bg4 12.f3 Bh5 13.g4 Bg6 14.e4 b5 15.Bb3 b4
16.Ne2 c5 17.g5 Nxe4 18.d5 c4 19.Bxc4 Nec5 20.dxe6 fxe6 21.Nxg6 hxg6 22.O-O Rh4
23.b3 Ne5 24.Bb5+ Kf7 25.Ng3 Kg8 26.Be2 Qa2 27.Be3 Qxb3 28.Qxb3 Nxb3 29.Ne4 Nd7
30.Rb1 Nbc5 31.Rxb4 Nxe4 32.Rxe4 Rxe4  1/2-1/2

[Event "58th ch-HUN KO"]
[Site "Nyiregyhaza HUN"]
[Date "2008.09.13"]
[Round "1.2"]
[White "Czebe,A"]
[Black "Balogh,C"]
[Result "1/2-1/2"]
[WhiteElo "2480"]
[BlackElo "2624"]

1.d4 d5 2.c4 c6 3.Nf3 Nf6 4.Nc3 dxc4 5.a4 Bf5 6.Nh4 e6 7.Nxf5 exf5 8.Bg5 Nbd7
9.e3 Qa5 10.Bxf6 Nxf6 11.Bxc4 Bd6 12.Qb3 O-O 13.O-O Qc7 14.g3 a5 15.Bd3 g6
16.e4 fxe4 17.Nxe4 Be7 18.Nxf6+ Bxf6 19.d5 cxd5 20.Qxd5 Bxb2 21.Rab1 Rad8
22.Qf3 Bg7 23.Rfc1 Qb8 24.Kg2 b6 25.Rc6 Bd4 26.Rd1 Bc5 27.Bc4 Rxd1 28.Qxd1 Qe5
29.Qf3 Kg7 30.h4 Bd4 31.Bd5 Bc5  1/2-1/2

[Event "I Liga Seniorow"]
[Site "Ustron POL"]
[Date "2008.09.13"]
[Round "8"]
[White "Marszalek,Mac"]
[Black "Zawadzki,S"]
[Result "0-1"]
[WhiteElo "2355"]
[BlackElo "2410"]

1.d4 d5 2.c4 c6 3.Nf3 Nf6 4.Nc3 dxc4 5.a4 Bf5 6.e3 e6 7.Bxc4 Bb4 8.O-O Nbd7
9.Qe2 O-O 10.Rd1 Bg6 11.Bd3 a5 12.e4 Bh5 13.Bg5 e5 14.Bc2 Qc7 15.d5 h6 16.Bh4 cxd5
17.Nxd5 Nxd5 18.Rxd5 Rac8 19.Bd1 Bg4 20.Bg3 Rfe8 21.h3 Be6 22.Bxe5 Nxe5 23.Rxe5 g6
24.g3 Bxh3 25.Rxe8+ Rxe8 26.Bb3 Qc6 27.Nd2 Qf6 28.Nf1 h5 29.Bd5 Bg4 30.Qb5 Re7
31.Rb1 b6 32.Ne3 Bd7 33.Qc4 Bc5 34.Qb3 h4 35.Nd1 hxg3 36.Qxg3 Re5 37.Kf1 Bxa4
38.Nc3 Bd7 39.Ke2 Rg5 40.Qh2 Rh5 41.Qg2 Kg7 42.Rg1 Rh4 43.Ke1 Rf4 44.Rf1 Bb4
45.Qg3 Bd6 46.Qd3 Rf3 47.Qc2 Bb4 48.Rh1 Bxc3+ 49.bxc3 Rxc3 50.Qd2 Rh3 51.Rxh3 Bxh3
52.Qe3 Be6 53.Bb7 Qa1+ 54.Ke2 Qb2+ 55.Kf1 a4 56.Kg2 a3 57.e5 a2 58.Qg5 Qd4  0-1

[Event "II ROMGAZ Open"]
[Site "Bucharest ROU"]
[Date "2008.09.14"]
[Round "4"]
[White "Grigorov,G"]
[Black "Savchenko,S"]
[Result "1/2-1/2"]
[WhiteElo "2465"]
[BlackElo "2557"]

1.d4 d5 2.Nf3 Nf6 3.c4 c6 4.Nc3 dxc4 5.a4 Bf5 6.e3 e6 7.Bxc4 Bb4 8.Ne5 Nbd7
9.Nxd7 Nxd7 10.O-O O-O 11.e4 Bg6 12.f3 e5 13.dxe5 Nxe5 14.Be2 Nd7 15.Be3  1/2-1/2

[Event "4th ch-EU"]
[Site "Liverpool ENG"]
[Date "2008.09.14"]
[Round "6"]
[White "Arkell,K"]
[Black "Smeets,J"]
[Result "0-1"]
[WhiteElo "2506"]
[BlackElo "2593"]

1.d4 d5 2.c4 c6 3.Nf3 Nf6 4.Nc3 dxc4 5.a4 Bf5 6.Nh4 Bd7 7.a5 e6 8.Bd2 c5
9.dxc5 Nc6 10.a6 bxa6 11.e3 Na5 12.Nf3 Qc7 13.Ne5 Bxc5 14.Nxd7 Nxd7 15.Ne4 Nb3
16.Ra4 Nb6 17.Nxc5 Qxc5 18.Bb4 Qb5 19.Qxb3 Qxa4 20.Bxc4 Qxb3 21.Bxb3 O-O-O
22.Ke2 Nd5 23.Bc5 Kb7 24.Bd4 f6 25.Ra1 Rc8 26.e4 Nf4+ 27.Kf3 Rhe8 28.Ra4 Ng6
29.Ke2 Ne5 30.f4 Nd7 31.Be3 Nb6 32.Ra1 Nc4 33.Bc1 Red8 34.f5 e5 35.Ba2 Rd4
36.Bb1 Nd6 37.Bd3 Rc6 38.Ke3 Nc4+ 39.Ke2 Rcd6 40.Bb1 Nd2  0-1

[Event "II ROMGAZ Open"]
[Site "Bucharest ROU"]
[Date "2008.09.15"]
[Round "5"]
[White "Manea,Al"]
[Black "Halldorsson,J"]
[Result "1/2-1/2"]
[WhiteElo "2357"]
[BlackElo "2165"]

1.d4 d5 2.c4 c6 3.Nf3 Nf6 4.Nc3 dxc4 5.a4 Bf5 6.Ne5 Nbd7 7.Nxc4 Nb6 8.Ne5 a5
9.f3 Nfd7 10.e4 Nxe5 11.exf5 Ned7 12.d5 Nf6 13.dxc6 Qxd1+ 14.Nxd1 bxc6 15.Bd3 g6
16.O-O Bg7 17.Be3 Nfd5 18.Bc5 O-O 19.Re1 Rfe8 20.Ra2 Rab8 21.fxg6 hxg6 22.Be4 Nd7
23.Ba3 Bd4+ 24.Kf1 Nc5 25.Bxc5 Bxc5 26.Re2 Bd6 27.g3 Rb3 28.f4 e6 29.Ra1 Reb8
30.Rc1 R8b6 31.Rc4 R3b4 32.Rec2 Rxc4 33.Rxc4 Kf8 34.Ke2 Ke7 35.Bc2 Kd7 36.b3 Rb8
37.Nf2 f5 38.Bd1 Rh8 39.h4 e5 40.fxe5 Bxe5 41.Kf3 Bd6 42.Rc2 Nf6 43.Rd2 f4
44.Nd3 Nd5 45.Nxf4 Nxf4 46.gxf4 Rxh4 47.Ke4  1/2-1/2

[Event "4th ch-EU"]
[Site "Liverpool ENG"]
[Date "2008.09.15"]
[Round "7"]
[White "Wells,P"]
[Black "Collins,S IRL"]
[Result "1-0"]
[WhiteElo "2526"]
[BlackElo "2412"]

1.d4 d5 2.c4 c6 3.Nf3 Nf6 4.Nc3 dxc4 5.a4 Bf5 6.Ne5 Nbd7 7.Nxc4 Nd5 8.f3 e5
9.e4 Nxc3 10.bxc3 Be6 11.Rb1 Qc7 12.Be3 f6 13.Be2 Bf7 14.O-O Be7 15.f4 O-O
16.fxe5 fxe5 17.Qb3 b6 18.Rxf7 Rxf7 19.Bg4 exd4 20.cxd4 Nf8 21.Rf1 Rxf1+
22.Kxf1 Kh8 23.Ne5 g5 24.Bf5 Ng6 25.Bxg6 hxg6 26.Qe6 Rf8+ 27.Ke2 Rf6 28.Nxg6+ Rxg6
29.Qxg6 Qc8 30.h3 Qg8 31.Qh6+ Qh7 32.Qxc6 Kg7 33.Qe6 Qh5+ 34.g4  1-0

[Event "Autumn-3"]
[Site "Alushta UKR"]
[Date "2008.09.17"]
[Round "6"]
[White "Chernoukhov,A"]
[Black "Kharchenko,B"]
[Result "0-1"]
[WhiteElo "1954"]
[BlackElo "2443"]

1.d4 d5 2.c4 c6 3.Nf3 Nf6 4.Nc3 dxc4 5.a4 Bf5 6.e3 e6 7.Bxc4 Bb4 8.O-O Nbd7
9.Qe2 Bg6 10.Bd3 Bxd3 11.Qxd3 O-O 12.Rd1 Qa5 13.Bd2 Rad8 14.Qc2 e5 15.b3 Rfe8
16.e4 exd4 17.Nxd4 Nc5 18.Nde2 Ncxe4 19.Nxe4 Nxe4 20.Bxb4 Rxd1+ 21.Rxd1 Qxb4
22.Nf4 Nc5 23.Qe2 Kf8 24.Nd3 Nxd3 25.Qxd3 Re1+ 26.Rxe1 Qxe1+ 27.Qf1 Qxf1+
28.Kxf1 Ke7 29.Ke2 Kd6 30.Kd3 Kc5 31.Kc3 a5 32.f3 f6 33.h4 h5 34.g3 f5 35.Kd3 Kb4
36.Kd4 Kxb3 37.Ke5 c5 38.Kxf5 c4 39.Kg6 c3 40.Kxg7 c2 41.Kg6 c1=Q 42.Kxh5 Kxa4
43.g4 Qf4 44.Kg6 Qxf3 45.g5 Qg4 46.h5 Qe6+ 47.Kg7 Qe7+ 48.Kg6 Qe8+ 49.Kh6 Qh8+
50.Kg6 b5 51.h6 b4 52.h7 b3 53.Kh6 b2  0-1

[Event "Chess City 10th Ann Open"]
[Site "Elista RUS"]
[Date "2008.09.17"]
[Round "2"]
[White "Strelnikov,S"]
[Black "Utegaliyev,A"]
[Result "1-0"]
[WhiteElo "2334"]
[BlackElo "2218"]

1.d4 d5 2.c4 c6 3.Nf3 Nf6 4.Nc3 dxc4 5.a4 Bf5 6.e3 e6 7.Bxc4 Nbd7 8.O-O Bb4
9.Qe2 Bg6 10.e4 Bxc3 11.bxc3 Nxe4 12.Ba3 Qc7 13.Rfc1 O-O-O 14.a5 Rhe8 15.Nh4 Nd6
16.Nxg6 hxg6 17.Ba6 c5 18.Rcb1 bxa6 19.Qxa6+ Nb7 20.Qxa7 Nb8 21.Rb6 Nd6 22.Qa8 Kd7
23.Qf3 Nc6 24.dxc5 Nxa5 25.Rxd6+ Ke7 26.Bb4 Nc4 27.Qf4 Ra8 28.Re1  1-0

[Event "4th ch-EU"]
[Site "Liverpool ENG"]
[Date "2008.09.17"]
[Round "9"]
[White "David,Alb"]
[Black "L'Ami,E"]
[Result "1/2-1/2"]
[WhiteElo "2568"]
[BlackElo "2610"]

1.d4 d5 2.c4 c6 3.Nf3 Nf6 4.Nc3 dxc4 5.a4 Bf5 6.e3 e6 7.Bxc4 Bb4 8.O-O Nbd7
9.Qe2 Bg6 10.Na2 Bd6 11.Nc3 Bb4 12.Na2 Bd6 13.Nc3 Bh5 14.h3 O-O 15.g4 Bg6
16.Nh4 c5 17.Rd1 cxd4 18.exd4 Nb6 19.Bb3 Nbd5 20.Nxg6 hxg6 21.Qf3 Bc7 22.Nb5 Bb8
23.Bg5 Qb6 24.Bxd5 Nxd5 25.Nc3 Qd6 26.Nxd5 Qxd5 27.Qxd5 exd5 28.Ra3 f6 29.Bd2 Bd6
30.Rb3 Rf7 31.Bb4 Bxb4 32.Rxb4 Rc8 33.Rd3 g5 34.Rb5 Rd7 35.Rc3 Rxc3 36.bxc3 Kf7
37.Kf1 Ke6 38.Ke2 b6 39.a5 Rb7 40.axb6 axb6 41.Kd3 Kd6 42.Rb2 Rb8 43.f3 Kc6
44.Re2 Rh8 45.Re6+ Kc7  1/2-1/2